[Event "AUT-ch Open 2020"]
[Site "Graz"]
[Date "2020.02.18"]
[Round "5.6"]
[White "Milikow, Elie"]
[Black "Kozak, Antoni"]
[Result "0-1"]
[WhiteElo "2208"]
[BlackElo "2372"]
[Annotator "TA"]
[PlyCount "98"]
[EventDate "2020.02.14"]
[EventType "swiss"]
[EventCountry "AUT"]
[SourceTitle "playchess.com"]
[Source "ChessBase"]
[SourceQuality "1"]

{[%evp 11,458,27,37,25,46,-15,-13,-21,-7,-13,-16,-16,-15,0,16,7,70,-75,-75,-72,-68,-74,-56,-56,0,-125,-91,-206,-186,-184,-185,-185,-155,-281,-273,-329,-306,-310,-313,-333,-302,-313,-182,-190,-196,-172,-189,-214,-214,-214,-211,-216,-210,-283,-282,-255,-231,-278,-263,-429,-428,-836,-806,-852,-850,-831,-831,-818,-824,-821,-810,-1255,-1189,-1247,-1232,-1037,-885,-12841,-12842,-12842,-12843,-12843,-1908,-12845,-12843,-29971,-12843,-12843,-12844,-12844,-12845,-12845,-12844,-12845,-12844,-12845,-12845,-12845,-12845,-12845,-12845,-29989,-12846,-12846,-12845,-12846,-12845,-29996,-12850,-12850,-12850,-29994,-12849,-29995,-12849,-29994,-12848,-29994,-12848,-29994,-12850,-29995,-12850,-29996,-12850,-29996,-12849,-29997,-12850,-29996,-29991,-29996,-12848,-29996,-12849,-29997,-12850,-29997,-12849,-29996,-12849,-29996,-12848,-29996,-12847,-29996,-12847,-29995,-12849,-29995,-12849,-29996,-12849,-29994,-29995,-29995,-12847,-12849,-12847,-12848,-12846,-29993,-12848,-29994,-12849,-29994,-12849,-29993,-12850,-29995,-29992,-29995,-12850,-29996,-12848,-12850,-12849,-29994,-12850,-29994,-12850,-29994,-12850,-29995,-12850,-29994,-12850,-29994,-12848,-12849,-12847,-29994,-12848,-29994,-12848,-29993,-12850,-29995,-12849,-29994,-12848,-29993,-12847,-29986,-12848,-29987,-12847,-29991,-29991,-29993,-29990,-29992,-12849,-29997,-12848,-29993,-12848,-29991,-12847,-29994,-12848,-29996,-12849,-29996,-12850,-29996,-12849,-29992,-29992,-29995,-12850,-29995,-12850,-29994,-12849,-29995,-12850,-29996,-12850,-29997,-12849,-29995,-12847,-29996,-12849,-29996,-12849,-29995,-12850,-29999,-29994,-29999,-29994,-29999,-12850,-29997,-12847,-29993,-29992,-29996,-12850,-29994,-12850,-29995,-12850,-29995,-12850,-29995,-12850,-29995,-12849,-29995,-12850,-29995,-12849,-29992,-12848,-12849,-12848,-29991,-12848,-29995,-12850,-29995,-12849,-29995,-29995,-29996,-12849,-29996,-12849,-29996,-12850,-29996,-12848,-29995,-29993,-29994,-29995,-29995,-12849,-29995,-12849,-29996,-12849,-29996,-12850,-29996,-12849,-29996,-12849,-29996,-12849,-29997,-29995,-29995,-12850,-29994,-12848,-29995,-12848,-29996,-12848,-29996,-29996,-29997,-29996,-29997,-29991,-29997,-29998,-29998,-29994,-29998,-12850,-29996,-29993,-29997,-12850,-29997,-12849,-29996,-12850,-29994,-12849,-29996,-29996,-29997,-29996,-29997,-29996,-29996,-12848,-29998,-12850,-29997,-12850,-29997,-12850,-29997,-12850,-29997,-29995,-29997,-12850,-29996,-29995,-29997,-29995,-29997,-29996,-29997,-29996,-29997,-29995,-29996,-29995,-29997,-12850,-29997,-12850,-29997,-12850,-29997,-12850,-29997,-29995,-29996,-29995,-29997,-12849,-29998,-29994,-29998,-29997,-29997,-29995,-29998,-12849,-29997,-12849,-29998,-12848,-29998,-12849,-29996,-12850,-29996,-12850,-29996,-12850,-29996,-12850,-29996,-12850,-29996,-12850,-29997,-12850,-29996,-12850,-29996,-12850,-29997,-12850,-29997,-12850,-29996,-12850,-29997,-12850,-29997,-12850,-29997,-12850,-29996,-12850,-29996,-12850,-29996,-12850,-29996,-12850,-29996,-12850,-29996,-12850,-29996,-29997]} 1. e4 g6 2. d4 Bg7 3. Nc3 a6 4. Be3 b5 {[%cal Bb7b5,Bb5b4][%mdl 32]} 5. Qd2 d6 6. a4 b4 7. Nd5 {B06: Modern Defence.} a5 8. c3 (8. h4 $14) 8... c6 $11 9. Nf4 {The position is equal.} Nf6 10. f3 bxc3 11. bxc3 Nbd7 12. h4 h5 13. Ngh3 {[#]} O-O $146 (13... e5 $11) ({Predecessor:} 13... Ba6 14. Bxa6 Rxa6 15. Ne2 O-O 16. O-O e5 17. Ng5 d5 18. Qd3 Ra8 19. exd5 Nxd5 {1-0 (56) Drazic,S (2480)-Foisor,O (2400) Bratto 2001}) 14. Bc4 (14. Qa2 $14 {stays ahead.}) 14... d5 $1 $36 {[%cal Rd5c4][%mdl 2048] White is under strong pressure.} 15. Ba2 e5 16. dxe5 Nxe5 17. Bd4 Qe7 ({Better is} 17... Qd6 $15 18. exd5 Nxd5) 18. Ng5 (18. O-O $1 $11) 18... Ba6 19. Qe3 (19. Kf2 $17) 19... Rfe8 20. Bxe5 Qxe5 21. Kf2 Nd7 22. Rac1 (22. Rhd1 $17 Bf8 23. Qc1) 22... Rab8 $19 {And now ...Rb2+ would win.} 23. Rc2 Bf8 $1 {[%cal Rf8c5] Threatens to win with ...Bc5.} 24. Nd3 Bxd3 25. Qxd3 Bc5+ 26. Kf1 Qf4 (26... Kg7 $142 {White must now prevent ...f6.} 27. Qd1 Nb6) 27. Qd2 Qxd2 28. Rxd2 Be3 29. Re2 Bxg5 30. hxg5 dxe4 31. g4 hxg4 ({Don't do} 31... exf3 32. Rxe8+ Rxe8 33. gxh5) 32. Rd2 Nf8 33. fxg4 Re5 34. Rf2 Rb7 ({Less strong is} 34... Rxg5 35. Rxf7 Rb1+ 36. Bxb1 $17) 35. Ke1 $2 (35. Kg2 {might work better.}) 35... e3 36. Rf6 (36. Rc2 $142) 36... e2 37. Kf2 {[#]} e1=Q+ $1 {[%mdl 512]} 38. Rxe1 Rb2+ {[%mdl 64] Double Attack} 39. Kf1 Rxe1+ 40. Kxe1 Rxa2 41. Rxc6 Rxa4 {[%mdl 4096] Endgame KRN-KR} 42. c4 Ra2 43. Ra6 Ne6 44. c5 Nxc5 45. Ra8+ Kg7 46. Kd1 Ne6 47. Ke1 Nd4 48. Kf1 a4 49. Rd8 {[#]} a3 {Played: Nd4-e6} 0-1

[Event "AUT-ch Open 2020"]
[Site "Graz"]
[Date "2020.02.18"]
[Round "5.7"]
[White "Gavrilescu, David"]
[Black "Nitin, S.."]
[Result "1/2-1/2"]
[WhiteElo "2455"]
[BlackElo "2353"]
[Annotator "TA"]
[PlyCount "71"]
[EventDate "2020.02.14"]
[EventType "swiss"]
[EventCountry "AUT"]
[SourceTitle "playchess.com"]
[Source "ChessBase"]
[SourceQuality "1"]

{[%evp 15,71,9,25,27,33,27,51,37,43,41,58,28,34,35,27,32,37,14,4,0,7,0,0,0,14,-7,-6,-16,26,-26,-4,-91,-82,-138,-159,-154,-157,-133,-95,-137,-137,-143,-141,-127,-114,-113,-122,-88,-53,-55,-60,-52,-60,-88,0,0,0,-108]} 1. d4 Nf6 2. Nf3 g6 3. Nbd2 Bg7 4. e4 d6 5. Bd3 O-O 6. O-O Nc6 7. c3 e5 8. Re1 Nh5 {[%cal Re5d4]} 9. Nb3 {9.dxe5 is vanishing. B07: Pirc Defence: Miscellaneous Systems.} h6 10. h3 Qf6 {[#]} 11. a4 $146 {White is slightly better.} ({Predecessor:} 11. Bf1 Rd8 12. d5 Nb8 13. g3 Qe7 14. c4 b6 15. Nh2 a5 16. Nd2 Na6 17. a3 {0-1 (95) Aronian,L (2803)-Grischuk,A (2783) Beijing 2013}) 11... Nf4 12. Bb5 Nd8 13. dxe5 dxe5 14. Bxf4 Qxf4 15. Nc5 Qf6 $1 16. Bc4 Qe7 17. b4 a5 18. Qb3 b6 19. Nd3 Kh7 20. Bd5 c6 21. Bc4 Qc7 22. Rab1 (22. bxa5 $142 Rxa5 23. Rab1) 22... Nb7 $11 23. b5 {[#]} (23. Nd2 $11) 23... Nd6 $1 $17 24. bxc6 ({White should try} 24. Nb2) 24... Nxc4 25. Qxc4 Ba6 26. Rb5 Rfd8 27. Ndxe5 Bxb5 28. Qxb5 {[#]} Rac8 $1 29. c4 {intending Nd7.} Re8 {[%cal Rg7e5]} 30. Nd7 Qxc6 31. Nxb6 Qxb5 (31... Rc7 {seems wilder.} 32. Qxa5 Rxe4 33. Rxe4 Qxe4 34. Qb4 Qc2) 32. cxb5 Rc2 33. e5 $1 Rd8 {[%mdl 1024] Black has compensation.} 34. Re4 Rb2 35. Re1 $1 Rc2 36. Re4 {Accuracy: White = 71%, Black = 92%.} 1/2-1/2

[Event "AUT-ch Open 2020"]
[Site "Graz"]
[Date "2020.02.18"]
[Round "5.7"]
[White "Polterauer, Chiara"]
[Black "Leisch, Lukas"]
[Result "1/2-1/2"]
[WhiteElo "2187"]
[BlackElo "2352"]
[Annotator "TA"]
[PlyCount "89"]
[EventDate "2020.02.14"]
[EventType "swiss"]
[EventCountry "AUT"]
[SourceTitle "playchess.com"]
[Source "ChessBase"]
[SourceQuality "1"]

{[%evp 9,89,46,61,36,31,31,64,0,87,91,214,215,316,325,313,319,277,193,193,182,196,193,184,61,102,49,110,10,15,30,296,287,294,285,537,538,535,386,490,40,480,480,464,480,672,702,29988,745,733,733,726,705,643,0,274,239,251,226,263,186,181,158,154,155,200,189,235,227,228,185,579,578,568,225,254,239,239,216,239,232,225,162]} 1. d4 Nf6 2. Bf4 g6 3. Nc3 d6 4. e4 c6 5. Qd2 b5 6. Bd3 {B07: Pirc Defence: Miscellaneous Systems.} Bg7 7. Bh6 O-O 8. h4 (8. e5 $14 dxe5 9. dxe5) 8... b4 (8... e5 $1 $11) 9. Nce2 $16 {[#]} Qa5 $146 (9... Bxh6 $16 10. Qxh6 e5) ({Predecessor:} 9... c5 10. h5 Qc7 11. hxg6 fxg6 12. Bc4+ e6 13. Bxg7 Qxg7 14. f3 d5 15. exd5 exd5 {1-0 (62) Sabirov,R (1668)-Rohde,N (1609) Magdeburg 2019}) 10. h5 $18 {Black must now prevent hxg6.} Ba6 (10... Bxh6 $142 11. Qxh6 Ng4) 11. Bxg7 Kxg7 12. hxg6 fxg6 13. e5 (13. Bxa6 Nxa6 14. Nf3 Kg8 $16) 13... dxe5 14. Qh6+ Kf7 15. dxe5 Qxe5 16. Nf3 (16. O-O-O $18 Bxd3 17. Rxd3) 16... Qxb2 $14 17. Ng5+ Ke8 18. Rd1 (18. O-O $1 $16 Qe5 19. Nd4 $1 {[%mdl 512]} (19. Nxh7 Nxh7 20. Qxg6+ Kd8 $11) 19... Bxd3 20. Nde6) 18... Bxd3 $1 $11 19. Rxd3 $40 {[%mdl 128] aiming for Qg7. White attacks.} Qxa2 $2 {[%mdl 8192]} (19... Nbd7 $11 20. Nxh7 Rg8) 20. O-O Nbd7 (20... Qxc2 $2 21. Rd8+ $1 {[%mdl 512]} Kxd8 22. Qxf8+ (22. Nd4 Qc3 $18) 22... Kd7 23. Nd4 $18) 21. Nd4 $1 Ng4 $2 (21... Nc5) 22. Qxh7 $18 Qg8 23. Qh4 Nde5 24. Nxc6 $2 ({White should try} 24. Nde6 $18 {[%cal Re6c7]} Rc8 25. Nxf8 Qxf8 26. Rd4) 24... Qc4 $2 {[%mdl 8192]} ({Black should play} 24... Nxd3 $14 25. Qxg4 Qd5) 25. Nxe5 Nxe5 26. Rd4 $1 {[%cal Rd4c4]} Qxc2 27. Ne6 Rf5 28. Ng7+ (28. Qh7 $142 Nd7 29. Qg8+ Rf8 30. Ng7+ Kd8 31. Qxf8+ Kc7 32. Qxa8 Qa4 33. Rc1+ Kb6 34. Qd8+ $1 {[%mdl 512]} Ka6 35. Rxd7) 28... Kf7 29. Nxf5 gxf5 30. Qh7+ Kf6 31. Qh4+ (31. Rh4 $142 Ng6 {[#]} 32. Rh6 $1 {[%mdl 512]}) 31... Kf7 $1 32. Rxb4 Rg8 {...Nf3+ is the strong threat.} 33. Qh5+ Kf6 34. Ra1 {Strongly threatening Qh4+.} Qc6 {[%csl Gg8][%cal Rc6g2]} 35. Qh6+ Rg6 {[%csl Gg6][%cal Rc6g2]} 36. Qh8+ Ke6 {[%csl Gg6][%cal Rc6g2]} 37. Qh3 {Threatens to win with Rf4.} Kf6 38. Rba4 {Hoping for Ra6.} Kg7 {And now ...Nf3+ would win.} 39. Ra6 ({But not} 39. Rxa7 $2 Nf3+ 40. Kh1 Rh6 $19) 39... Qxa6 $2 (39... Qe4 {is tougher.} 40. Rxg6+ (40. Rxa7 Nf3+ 41. Kh1 Rh6 $15) 40... Nxg6 41. Qc3+ Kf7 42. Qb3+ (42. Rxa7 Nf4 $18) 42... Kg7) 40. Rxa6 Rxa6 41. Qxf5 $2 {KQ-KRN} (41. Qc3) 41... Ng6 42. Qd3 Rd6 {White is clearly better.} 43. Qa3 a6 44. g3 Rf6 45. f4 {Accuracy: White = 58%, Black = 46%.} 1/2-1/2

[Event "AUT-ch Open 2020"]
[Site "Graz"]
[Date "2020.02.18"]
[Round "5.8"]
[White "Socko, Bartosz"]
[Black "Banzea, Alexandru-Bogdan"]
[Result "1-0"]
[WhiteElo "2619"]
[BlackElo "2368"]
[Annotator "TA"]
[PlyCount "63"]
[EventDate "2020.02.14"]
[EventType "swiss"]
[EventCountry "AUT"]
[SourceTitle "playchess.com"]
[Source "ChessBase"]
[SourceQuality "1"]

{[%evp 13,63,0,7,-31,-23,-30,-16,-20,-21,-14,8,16,53,35,56,53,52,50,56,36,44,35,42,29,23,37,43,-7,32,25,28,20,38,21,23,0,0,0,90,83,92,81,132,139,159,159,156,137,125,142,716,700]} 1. d4 Nf6 2. c4 g6 3. Nf3 Bg7 4. g3 c6 5. Bg2 d5 6. Qb3 O-O 7. O-O a5 8. c5 {D78: Fianchetto Grünfeld: 6 0-0 c6.} a4 9. Qa3 {[#]} Ne4 $146 ({Predecessor:} 9... Bg4 10. Nc3 Nfd7 11. Rd1 Bxf3 12. Bxf3 e5 13. Be3 Qa5 14. Rac1 exd4 15. Bxd4 Bxd4 16. Rxd4 Qxc5 17. Qxc5 Nxc5 {½-½ (37) Krivoborodov,E (2522)-Graf,F (2478) Austria 2016}) 10. Nc3 {The position is equal.} Bf5 11. Rd1 Nxc3 12. bxc3 Be4 13. Bh3 Bxf3 14. exf3 Nd7 15. Rb1 Ra7 16. Re1 e6 17. Bf4 Re8 18. Bd6 (18. Re2 {with more complications.} Bf8 19. Qb2 Bg7 20. Ree1 Bf6 21. Qc2) 18... Bf8 19. Bxf8 $1 Rxf8 20. Re2 Qc7 21. Reb2 Rb8 22. Bf1 b5 23. cxb6 Rxb6 24. Qe7 {[#] And now Rxb6 would win.} Rxb2 25. Rxb2 Rb7 (25... c5 $11) 26. Rxb7 $16 Qxb7 27. h4 Qc8 (27... Kg7 $142) 28. Bd3 h5 29. Kg2 Kg7 30. Bc2 Nb6 31. Qa7 a3 $2 {[%mdl 8192] [#]} (31... Nc4 $16 32. Bxa4 (32. Qxa4 Qb7 $16) 32... Kf6) 32. Qxb6 {Accuracy: White = 91%, Black = 71%.} 1-0

[Event "AUT-ch Open 2020"]
[Site "Graz"]
[Date "2020.02.18"]
[Round "5.8"]
[White "Pavlov, Mark"]
[Black "Tuncer, Tuna"]
[Result "1/2-1/2"]
[WhiteElo "2152"]
[BlackElo "2351"]
[Annotator "TA"]
[PlyCount "89"]
[EventDate "2020.02.14"]
[EventType "swiss"]
[EventCountry "AUT"]
[SourceTitle "playchess.com"]
[Source "ChessBase"]
[SourceQuality "1"]

{[%evp 19,89,0,10,6,9,0,0,8,24,9,25,28,27,29,29,0,0,0,-16,-12,-14,-26,-29,-22,-22,-33,-25,-39,-36,-22,-7,-12,24,-56,-43,-73,-77,-74,-72,-238,-114,-116,-117,-112,-93,-275,-266,-279,-287,-275,-262,-245,-247,-301,-299,-314,-317,-280,-283,-261,-214,-208,-205,-200,-206,-192,-190,-152,0,0,0,0]} 1. d4 Nf6 2. Nf3 g6 3. Bg5 Bg7 4. c3 O-O 5. Nbd2 d6 6. e4 c5 7. dxc5 dxc5 8. Be2 Nc6 9. O-O Qc7 10. Qc2 Rd8 11. Rfd1 {A48: 1 d4 Nf6 2 Nf3 g6: Torre, London and Colle Systems.} h6 12. Bh4 Nh5 13. Nc4 {[%cal Bd2c4,Bc4e3,Be3f5][%mdl 32]} Be6 14. Ne3 Nf4 15. Bf1 {[#]} g5 $146 ({Predecessor:} 15... a6 16. Bg3 Ne5 17. Ne1 Nh5 18. Be2 Nxg3 19. hxg3 c4 20. Nf3 b5 21. Nd4 Qb6 {½-½ (69) Wolf,U (2202)-Melamed,T (2372) Bad Homburg 2014}) 16. Bg3 Ne5 17. Nd2 c4 18. Bxf4 gxf4 19. Nf5 Qc5 20. b4 Qc7 $36 {[%mdl 2048] Black has some pressure.} 21. Be2 Rd7 22. Nxg7 Kxg7 23. Nf3 Nxf3+ 24. Bxf3 Rxd1+ 25. Rxd1 Qe5 26. Rd4 (26. a4 $11) 26... a5 $15 27. a3 axb4 28. axb4 Ra1+ 29. Bd1 $2 {[#]} (29. Rd1 $17 {was the only defense.} Rxd1+ 30. Bxd1) 29... f5 (29... f3 $1 $19 {[%mdl 512] has better winning chances. ( -> ...Qg5!)} 30. Qd2 (30. gxf3 Bh3) 30... Qh5) 30. Qb2 $17 {[#]} Qxd4 $1 {[%cal Ra1d1][%mdl 512]} 31. Qxa1 (31. cxd4 Rxd1#) 31... Qe5 ({Of course not} 31... Qxe4 $6 32. Bf3 $11) 32. f3 $2 (32. Bf3 $17 {keeps fighting.}) 32... fxe4 $19 33. fxe4 Qxe4 {[%cal Re4e1]} 34. Bf3 Qe3+ 35. Kh1 b5 36. Bc6 Bf5 37. h3 Be4 38. Bxe4 Qxe4 {[%mdl 4096] Endgame KQ-KQ} 39. Qd1 Kf6 40. Qh5 Qe1+ 41. Kh2 Qg3+ ({And not} 41... Qxc3 42. Qxh6+ Kf7 43. Qh7+ Qg7 44. Qf5+ Qf6 45. Qxb5 $11) 42. Kh1 {[#]} Qg5 $1 {[%cal Rg5h5]} ({Much less strong is} 42... Qxc3 43. Qxh6+ Kf7 44. Qh7+ Qg7 45. Qf5+ Qf6 46. Qxb5 $15) 43. Qe8 e6 $2 (43... Kg7 $17 44. Qd7 Qe5 45. Qg4+ Kf7) 44. Qd8+ $11 Kf5 45. Qd7 {Accuracy: White = 67%, Black = 81%.} 1/2-1/2

[Event "AUT-ch Open 2020"]
[Site "Graz"]
[Date "2020.02.18"]
[Round "5.9"]
[White "Mis, Mieszko"]
[Black "Martinez Alcantara, Jose Eduardo"]
[Result "0-1"]
[WhiteElo "2617"]
[BlackElo "2617"]
[Annotator "TA"]
[PlyCount "110"]
[EventDate "2020.02.14"]
[EventType "swiss"]
[EventCountry "AUT"]
[SourceTitle "playchess.com"]
[Source "ChessBase"]
[SourceQuality "1"]

{[%evp 16,110,14,0,12,4,14,8,2,0,31,26,31,0,34,0,24,34,22,22,29,22,50,42,46,57,52,47,31,46,37,31,85,76,89,33,37,56,109,109,115,102,136,143,154,68,65,66,120,0,0,0,21,0,0,16,118,0,0,0,0,-375,-374,-375,-370,-724,-374,-350,-364,-344,-276,-737,-581,-1593,-1593,-1593,-1593,-1408,-1394,-1593,-1593,-1593,-1593,-1580,-1578,-1552,-1552,-1541,-1541,-1541,-1474,-1593,-1567,-1553,-1485,-1297,-1198]} 1. Nf3 Nf6 2. c4 b6 3. g3 Bb7 4. Bg2 c5 5. O-O e6 6. b3 Be7 7. Bb2 O-O 8. e3 d5 9. Qe2 Qc8 {A14: English Opening: 1...e6 with b3 by White.} 10. Rd1 Rd8 11. d3 Nc6 {[#] The position is equal.} 12. Ne5 $146 ({Predecessor:} 12. Nbd2 d4 13. exd4 cxd4 14. Re1 Bc5 15. Ng5 h6 16. Nge4 Nxe4 17. Nxe4 Bb4 18. Rec1 {½-½ (44) Kreizberg,M (2334)-Deutsch,E (2224) Tel Aviv 2002}) 12... d4 13. Nxc6 Bxc6 14. exd4 cxd4 15. Nd2 a5 16. Bxc6 Qxc6 17. Nf3 Bc5 18. a3 Qd7 19. Rab1 Ne8 20. b4 axb4 21. axb4 Bxb4 22. Bxd4 Bc5 23. Be3 $36 {[%mdl 2048] White has some pressure.} Qc6 (23... Rab8 $14) 24. d4 Bf8 25. d5 (25. Ne5 $16 Qc7 26. Qf3) 25... exd5 $14 26. Bxb6 Rd7 (26... Rdb8 $14 27. Ne5 (27. cxd5 Qd6 $14) 27... Qd6) 27. c5 $16 Re7 28. Qd3 Nf6 29. Nd4 Qc8 30. Qf5 (30. Rdc1 $16) 30... Ne4 $1 $14 31. Rbc1 $1 Qb7 (31... Qxf5 $14 32. Nxf5 {[%mdl 64] Discovered Attack} Rb7) 32. Rc2 (32. f3 $16 Nf6 33. Rb1) 32... g6 $11 33. Qf3 Bg7 {Threatens to win with ...Ng5.} 34. Qb3 {aiming for c6.} Ra6 $1 35. Nb5 d4 (35... Qc6 $11) 36. Qf3 (36. c6 $1 $16 {[%cal Rc6b7]} Qxb6 37. c7 Rxc7 38. Rxc7) 36... Qc6 37. Rb2 d3 38. Rb3 $2 {[%mdl 8192]} (38. Rb4 $1 $11 {and White stays safe.}) 38... Ra2 $19 39. Rf1 d2 $1 40. Nd6 $2 (40. Rbb1 Qe6 41. h4) 40... Bd4 41. Nxe4 Qxe4 ({Less strong is} 41... Rxe4 42. Rd3 $19) 42. Qxe4 Rxe4 43. Rbb1 $2 {[#]} (43. Rd3 Bxf2+ 44. Rxf2 Ra1+ 45. Rf1) 43... Bxf2+ $1 {[%mdl 576] Deflection. Black is clearly winning.} 44. Rxf2 {[#] Kf1 is the strong threat.} Re1+ $1 45. Rf1 {[#]} Rxb1 $1 46. Rxb1 {[%mdl 4096] Endgame KRB-KR} Rc2 47. Rd1 {[#]} Rc1 $1 {[%mdl 512]} 48. Kf2 Rxd1 {KR-KB} 49. Ke2 Rh1 50. Kxd2 Rxh2+ 51. Ke3 Kf8 52. Bc7 Ke8 53. g4 Rg2 54. Kf3 Rc2 55. Bd6 f6 {Accuracy: White = 60%, Black = 71%.} 0-1

[Event "AUT-ch Open 2020"]
[Site "Graz"]
[Date "2020.02.18"]
[Round "5.9"]
[White "Chylewski, Patryk"]
[Black "Regez, Markus"]
[Result "1/2-1/2"]
[WhiteElo "2350"]
[BlackElo "2144"]
[Annotator "TA"]
[PlyCount "61"]
[EventDate "2020.02.14"]
[EventType "swiss"]
[EventCountry "AUT"]
[SourceTitle "playchess.com"]
[Source "ChessBase"]
[SourceQuality "1"]

{[%evp 11,61,-1,13,15,20,11,16,0,0,-62,-10,-16,0,-5,-11,-5,-7,-19,-2,-43,-42,-50,-35,-102,-37,-57,-38,-43,-39,-94,-94,-94,-94,-94,-94,-88,-88,-94,-94,-94,-94,-94,-87,-87,-87,-87,-87,-88,-88,-88,-78,-71]} 1. c4 Nf6 2. Nc3 e5 3. Nf3 Nc6 4. e3 Bb4 5. Qc2 O-O 6. Nd5 Be7 7. a3 {A28: English Opening: Four Knights Variation.} a5 8. d3 (8. d4 {keeps more tension.} d6 9. Bd3 h6 10. h3 exd4 11. exd4 Nxd5 12. cxd5 Nb8 13. Bc4) 8... d6 9. Nxe7+ {The position is equal.} Qxe7 {[#]} 10. Nd2 $146 (10. b3 $11) ({Predecessor:} 10. Be2 Re8 11. O-O a4 12. Bd2 h6 13. Bc3 Bf5 14. Nd2 Nd7 15. e4 Bg6 16. Bg4 {1-0 (57) Diaz Hollemaert,N (2398)-Ricardi,P (2501) Blumenau 2013}) 10... Bf5 ({Better is} 10... Bg4 $15) 11. b3 $11 Bg6 12. Bb2 Nd7 13. Be2 f5 14. O-O f4 $36 {[%mdl 2048] White is under pressure.} 15. e4 Nc5 16. Qd1 Ne6 17. Nf3 ({White should try} 17. Bc3 $15) 17... Qe8 (17... Bh5 $17) 18. Ne1 Ncd4 19. Bg4 c5 20. Bxe6+ (20. Bc3 $15) 20... Nxe6 $17 {Black is better.} 21. f3 b5 22. Nc2 b4 23. Qd2 Qc6 24. Rfc1 Rfb8 25. axb4 axb4 26. Qe1 Rb6 27. Rxa8+ Qxa8 28. Ra1 Ra6 29. Rxa6 Qxa6 30. Qa1 Qxa1+ 31. Bxa1 {Accuracy: White = 82%, Black = 85%.} 1/2-1/2

[Event "AUT-ch Open 2020"]
[Site "Graz"]
[Date "2020.02.18"]
[Round "5.10"]
[White "Huber, Martin Christian"]
[Black "Froewis, Annika"]
[Result "1-0"]
[WhiteElo "2340"]
[BlackElo "2121"]
[Annotator "TA"]
[PlyCount "45"]
[EventDate "2020.02.14"]
[EventType "swiss"]
[EventCountry "AUT"]
[SourceTitle "playchess.com"]
[Source "ChessBase"]
[SourceQuality "1"]

{[%evp 21,83,10,17,8,29,18,52,52,141,143,208,150,228,206,501,510,737,727,730,735,734,486,532,508,655,343,413,215,243,215,225,237,229,231,542,408,399,385,395,387,382,393,373,216,662,613,639,592,759,614,665,414,406,404,425,435,516,519,635,636,596,525,508,490]} 1. d4 d5 2. c4 e6 3. Nc3 Nf6 4. cxd5 exd5 5. Bg5 Be7 6. e3 c6 7. Bd3 O-O 8. Qc2 Nbd7 {[%cal Bb8d7,Bd7f8,Bf8e6][%mdl 32]} 9. h3 Re8 10. Bf4 Nf8 11. Nf3 Ne6 12. Be5 {D36: Queen's Gambit Declined: Exchange Variation: Main line (5 Bg5 c6 6 Qc2).} g6 13. O-O-O b5 14. Kb1 {White is slightly better.} Bb7 {[#]} ({Black should try} 14... Bd7 $14) 15. h4 $1 $16 b4 (15... Nf8 $16) 16. Na4 {[#]} Ne4 $146 (16... Nf8 $16 17. Bxf6 Bxf6) ({Predecessor:} 16... c5 17. Bb5 c4 18. Bxe8 Qxe8 19. h5 Bc8 20. hxg6 fxg6 21. Ka1 Ng7 22. Nc5 Bf5 {½-½ (33) Thogersen,R (2128)-Boe,M (2341) Fredericia 2015}) 17. h5 $18 ({Weaker is} 17. Bxe4 dxe4 18. Ng5 (18. Qxe4 Qd5 $14) 18... Nxg5 $14) 17... f6 $2 (17... g5 18. Nd2 (18. Bxe4 dxe4 19. Qxe4 Qd5 $14) 18... Nxd2+ 19. Rxd2 Nf8) 18. hxg6 hxg6 19. Bxe4 dxe4 20. Qxe4 Kg7 21. Nh4 Nf8 22. Bf4 Bd6 23. Bh6+ {Played: Qe4-f3} 1-0

[Event "AUT-ch Open 2020"]
[Site "Graz"]
[Date "2020.02.18"]
[Round "5.10"]
[White "Dimitrov, Vladimir"]
[Black "Schoppen, Casper"]
[Result "1/2-1/2"]
[WhiteElo "2285"]
[BlackElo "2489"]
[Annotator "TA"]
[PlyCount "63"]
[EventDate "2020.02.14"]
[EventType "swiss"]
[EventCountry "AUT"]
[SourceTitle "playchess.com"]
[Source "ChessBase"]
[SourceQuality "1"]

{[%evp 13,63,-6,-9,-14,-3,0,0,-4,-11,-14,0,0,0,0,0,0,0,0,0,-10,8,0,0,-9,0,0,0,0,14,0,18,26,30,1,8,22,31,0,23,24,21,30,18,3,9,0,0,0,0,0,0,0]} 1. d4 Nf6 2. c4 e6 3. Nc3 Bb4 4. e3 O-O 5. Bd3 d5 6. cxd5 exd5 7. Nge2 Re8 8. Bd2 {Nowadays more popular than 8.0-0. E48: Nimzo-Indian: Rubinstein: 5 Bd3 d5 including 6 Ne2, but excluding 6 a3.} Bd6 9. Rc1 a6 10. O-O Nbd7 {[%cal Bb8d7,Bd7f8,Bf8g6][%mdl 32]} 11. Nf4 c6 12. Qc2 Nf8 13. f3 Ng6 {[#]} 14. Nfe2 $146 ({Predecessor:} 14. Nce2 Bd7 15. Kh1 Rc8 16. b4 a5 17. bxa5 c5 18. dxc5 Bxc5 19. Qb2 Bxe3 20. Rxc8 Qxc8 {½-½ (31) Serradimigni,R (2480)-Sepp,O (2461) ICCF email 2017}) 14... c5 15. dxc5 Bxc5 16. Nd1 Bd6 17. Bxg6 hxg6 18. Be1 Bf5 19. Qd2 Rc8 20. Rxc8 Qxc8 21. Ndc3 Qc4 22. Bf2 b5 {Black wants to play ...b4.} 23. b3 Qc7 24. Bg3 Bxg3 25. hxg3 Qe5 26. Kf2 b4 27. Na4 Bd7 28. Qd4 {The position is equal.} Qxd4 29. exd4 {[#]} Rxe2+ $1 {[%mdl 512]} 30. Kxe2 {Black must now prevent Rc1.} Bb5+ 31. Kf2 {And now Rc1 would win.} Bxf1 32. Kxf1 {Accuracy: White = 94%, Black = 100%.} 1/2-1/2